Personnages célèbres - Série 72 - Statistiques

Statistiques générales
  • Ce quiz a été pris 97 fois
  • Le résultat moyen est 6 sur 15
Statistiques - réponses
Par images Hint Réponse % Correct
Ludwig - compositeur Beethoven
83%
Heidi - mannequin Klum
75%
Joaquim - acteur américain Phoenix
72%
Colin - acteur irlandais Farrell
60%
Lauren - actrice américaine Bacall
53%
Christian - acteur britannique Bale
51%
Jessica - actrice américaine Chastain
39%
Benazir - politique Bhutto
37%
Gaspard - acteur slovéne Proust
35%
Lana - actrice américaine Turner
29%
Peter - acteur américain Dinklage
24%
Bruno - acteur suisse Ganz
17%
Claude - actrice française Jade
12%
Jonathan - acteur australien Hyde
4%
Kim - actrice américaine Nowak
4%
Aucun quiz correspondant
Distribution des résultats
% des personnes avec chaque résultat
Percentile par nombre de réponses
Votre historique - résultats
Vous n’avez pas pris ce quiz